000 00650nam a2200253Ia 4500
003 OSt
005 20220918212332.0
006 a|||||r|||| 00| 0
007 ta
008 220917b |||||||| |||| 00| 0 eng d
024 _a128,445
037 _cTextual
040 _aARTS
_cARTS
_beng
041 _2eng
_aeng
082 _aX::2:N4, H2.2
100 _aJathar G B
_9122025
245 0 _aIndian economics
_b a comprehensive and critical survey
250 _a6th
260 _c1942
650 _aECONOMICS
700 _a Beri S F
_9123478
942 _hX::2:N4, H2.2
_cTEXL
_2CC
999 _c251583
_d251583